000 00974naa a22002897a 4500
001 BR7902566
003 BR-BrBNA
005 20250714162957.0
007 ta
008 250630b bl.|||m| |||| 00| 0 por d
040 _aBR-BrBNA
_bpor
_cBiblioteca Nacional de Agricultura
041 _a(Pt)
072 _aH60
_b2120
_bG514
090 _aH60 BR7902566
100 1 _aAlmeida, F.L.S.
100 1 _aSiqueira, r.
245 1 _aControle de ervas invasoras [Capina; Herbicida; Cafe; Coffea arabica]
500 _aManual agropecuario para o Parana Londrina, PR (Brasil): 1978. p. 171 (BR7902566-AMS)
773 0 _tManual agropecuario para o Parana
_wH60 BR7902566
_gLondrina, PR (Brasil), 1978. p. 171
650 _aErva daninha
650 _aCafe
650 _aCapina
650 _aHerbicida
490 _aManual Agropecuario para o Parana - Fundacao Instituto Agronomico do Parana (Brazil)
_vv. 2
942 _cAMS
_2AGRIS
909 _a202506
_bLúcia
_c55
_dLúcia Elande
999 _c333243
_d333243